00361nam a2200121 i 4500001000300000100001900003245004100022260002100063040000800084041000800092008004100100856009800141bg1 aPOLAŃSKA, R. 0aTytan i jego stopy /cR. Polańska. aWarszawa,c1976. cBPK apol s pl f |000 0 pol  uhttp://koha.tu.koszalin.pl/cgi-bin/koha/opac-detail.pl?biblionumber=28246yKatalog online BPK